French Speaking Cities - Sudden Death - Statistics

General Stats
  • This quiz has been taken 1,705 times
    607 since last reset
  • The average score is 7 of 17
Answers on the Grid
Answers color-coded by a green-red scale on the quiz's grid according to % correct below.
Paris
Abidjan
Kinshasa
Lubumbashi
Yaounde
Amsterdam
Lyon
Montreal
Algiers
Tunis
Marseille
Quebec City
Beirut
Hanoi
Port-Au-Prince
Casablanca
Cayenne
Lisbon
Geneva
Brussels
Zurich
Libreville
Toronto
Toulouse
New Orleans
Milan
London
Antwerp
Nice
Vienna
St. Petersburg
Macau
Lille
 
Answer Stats
Answer % Correct
Paris
97%
Lyon
79%
Montreal
63%
Marseille
52%
Nice
44%
Quebec City
44%
Lille
43%
Toulouse
42%
Kinshasa
40%
Yaounde
37%
Port-Au-Prince
36%
Brussels
35%
Abidjan
34%
Geneva
34%
Cayenne
26%
Lubumbashi
21%
Libreville
20%
No matching quizzes found
Score Distribution
Percent of People with Each Score
Percentile by Number Answered
Your Score History
You have not taken this quiz since the last reset